000 00444nab a2200133Ia 4500
003 ES-SlBCS
005 20210601125301.0
008 140529s1997 xxu||||| |||| 00| 0 eng d
041 _aeng
100 1 _aHasker, William
_9132219
245 0 0 _aExplanatory Priority: Transitive and Unequivocal, A Reply to William Craig
_c William Hasker
773 0 _tPhilosophy and Phenomenological Research
_gvol. 57, 1997, págs. 389-394
_wRev1411
942 _cAR
999 _c527825
_d527825